Miguel de Unamuno
محفوظ في:
| المؤلف الرئيسي: | |
|---|---|
| التنسيق: | كتاب |
| اللغة: | الإسبانية |
| منشور في: |
Buenos Aires
Juventud Argentina
1947
|
| سلاسل: | Biografias-Memorias-Ensayos
|
| الموضوعات: | |
| الوسوم: |
إضافة وسم
لا توجد وسوم, كن أول من يضع وسما على هذه التسجيلة!
|
MARC
| LEADER | 00000nam a2200000 a 4500 | ||
|---|---|---|---|
| 001 | UCZ1442 | ||
| 003 | CL-VaPUC | ||
| 008 | 950824e19470000AG |||||||||||||||||spa|d | ||
| 082 | 0 | 4 | |a 860.9 |b ESC |2 21 |
| 100 | 0 | |a Esclasans, Agustín |e author |9 345008 | |
| 245 | 1 | 0 | |a Miguel de Unamuno |
| 300 | |a 216 p | ||
| 942 | |c BK | ||
| 945 | |d 19950824 00:00:00 |a rbrito | ||
| 260 | |a Buenos Aires |b Juventud Argentina |c 1947 | ||
| 600 | 0 | 7 | |a UNAMUNO, MIGUEL DE |2 CL-VaPUC |9 312478 |
| 650 | 7 | |a LITERATURA ESPAÑOLA CRITICA E INTERPRETACION |2 CL-VaPUC |9 345009 | |
| 650 | 7 | |a NOVELA ESPAÑOLA |2 CL-VaPUC |9 313139 | |
| 583 | |a last modification |c 19950824 00:00:00 |k Rodrigo Vera | ||
| 490 | 0 | |a Biografias-Memorias-Ensayos | |
| 999 | |c 238188 |d 238186 | ||
| 952 | |0 0 |1 0 |4 0 |6 860_900000000000000_ESC_1947 |7 0 |8 A |9 248213 |a BIBEDU |b BIBEDU |d 2019-11-18 |i 3106098 |o 860.9 ESC 1947 |p 3106098 |r 2019-11-18 |w 2019-11-18 |y BK |k LIT | ||
| 952 | |0 0 |1 0 |4 0 |6 860_900000000000000_ESC_1947 |7 0 |8 A |9 248214 |a BIBEDU |b BIBEDU |d 2019-11-18 |i 144462K |o 860.9 ESC 1947 |p 144462K |r 2019-11-18 |w 2019-11-18 |y BK |k LIT | ||